| 000 | 00387nam a22001577a 4500 | ||
|---|---|---|---|
| 003 | OSt | ||
| 005 | 20231212070053.0 | ||
| 008 | 221210b xxu||||| |||| 00| 0 eng d | ||
| 020 | _a978-93-530-6596-6 | ||
| 040 | _cIIMT UNIVERSITY, MEERUT | ||
| 100 | _aCHOPRA SUNIL | ||
| 245 | _aSUPPLY CHAIN MANAGEMENT | ||
| 260 |
_aNEW DELHI _bPEARSON INDIA _c2022 |
||
| 300 | _a562 | ||
| 942 |
_2ddc _c01 |
||
| 999 |
_c56166 _d56166 |
||